| 000 | 00478nam a2200157 i 4500 | ||
|---|---|---|---|
| 001 | 40467 | ||
| 003 | ES-MaACL | ||
| 007 | t| | ||
| 008 | 030306s1983 sp ||||1| spa d | ||
| 100 | 1 |
_aCardona, Gabriel. _935176 |
|
| 245 | 1 | 3 |
_aEl poder militar en la España contemporánea hasta la guerra civil / _cpor Gabriel Cardona. |
| 250 | _a[1ª ed.]. | ||
| 260 |
_a[Madrid, etc. : _bSiglo Veintiuno, _c1983] |
||
| 300 |
_aX, 332 p. ; _c21 cm. |
||
| 852 |
_aES-MaACL _jL-4651 _bR.105612 |
||
| 999 |
_c40467 _d40467 |
||